Pink Floyd Songs By Picture Hint - Statistics

General Stats
  • This quiz has been taken 274 times
  • The average score is 10 of 16
Answer Stats
Picture Answer % Correct
Time
99%
Another Brick In The Wall
97%
Dogs
95%
Money
95%
Pigs
94%
Sheep
91%
Brain Damage
80%
Stop
72%
Mother
60%
Have A Cigar
56%
Echoes
55%
The Trial
49%
The Thin Ice
41%
Learning To Fly
31%
San Tropez
22%
Poles Apart
10%
No matching quizzes found
Score Distribution
Percent of People with Each Score
Percentile by Number Answered
Your Score History
You have not taken this quiz